All Items In Fortnite C1S4 - Statistics

General Stats
  • This quiz has been taken 9 times
  • The average score is 16 of 38
Answer Stats
Answer % Correct
Assault Rifle
89%
Bolt-Action Sniper Rifle
89%
Pump Shotgun
89%
Tactical Shotgun
89%
Medkit
78%
Burst Assault Rifle
67%
Grenade
56%
Port-A-Fort
56%
Rocket Launcher
56%
Suppressed Submachine Gun
56%
Bandages
44%
Chug Jug
44%
Grenade Launcher
44%
Hand Cannon
44%
Heavy Shotgun
44%
Minigun
44%
Pistol
44%
Slurp Juice
44%
Clinger
33%
Cozy Campfire
33%
Impulse Grenade
33%
Launch Pad
33%
Revolver
33%
Scoped Assault Rifle
33%
Semi-Automatic Sniper Rifle
33%
Small Shield Potion
33%
Tactical Submachine Gun
33%
Boogie Bomb
22%
Bush
22%
Dual Pistols
22%
Hunting Rifle
22%
Shield Potion
22%
Suppressed Pistol
22%
Thermal Scoped Assault Rifle
22%
Bouncer
11%
Remote Explosive
11%
Stink Bomb
11%
Damage Trap
0%
No matching quizzes found
Score Distribution
Percent of People with Each Score
Percentile by Number Answered
Your Score History
You have not taken this quiz